| 000 -LEADER |
| fixed length control field |
00687cam a22002174a 4500 |
| 020 ## - INTERNATIONAL STANDARD BOOK NUMBER |
| ISBN |
007233777X (acidfree paper) |
| 020 ## - INTERNATIONAL STANDARD BOOK NUMBER |
| ISBN |
0072416270 |
| 020 ## - INTERNATIONAL STANDARD BOOK NUMBER |
| ISBN |
0071180281 (International ed.) |
| 040 ## - CATALOGING SOURCE |
| Transcribing agency |
DLC |
| 082 00 - DEWEY DECIMAL CLASSIFICATION NUMBER |
| Classification number |
658 HIL 2001 A055 Or. |
| 100 1# - MAIN ENTRY--AUTHOR NAME |
| Personal name |
Brealey, Richard A. |
| 245 10 - TITLE STATEMENT |
| Title |
Fundamentals of corporate finance / |
| 250 ## - EDITION STATEMENT |
| Edition statement |
3rd ed. |
| 260 ## - PUBLICATION, DISTRIBUTION, ETC. (IMPRINT) |
| Place of publication |
Boston : |
| Name of publisher |
McGraw-Hill/Irwin, |
| Year of publication |
c2001. |
| 300 ## - PHYSICAL DESCRIPTION |
| Number of Pages |
xxxi, 798 p. : |
| Other physical details |
ill. ; |
| Dimensions |
27 cm. + |
| Accompanying material |
1 computer laser optical disc (4 3/4 in.). |
| 490 1# - SERIES STATEMENT |
| Series statement |
The McGraw-Hill/Irwin series in finance, insurance, and real estate |
| 650 00 - SUBJECT ADDED ENTRY--TOPICAL TERM |
| Topical Term |
Corporations |
| 700 1# - ADDED ENTRY--PERSONAL NAME |
| Personal name |
Myers, Stewart C. |
| 700 1# - ADDED ENTRY--PERSONAL NAME |
| Personal name |
Marcus, Alan J. |
| 942 ## - ADDED ENTRY ELEMENTS (KOHA) |
| Koha item type |
សៀវភៅភាសាអង់គ្លេស |
| 952 ## - LOCATION AND ITEM INFORMATION (KOHA) |
| Withdrawn status [LOCAL, KOHA] |
0 |